000 00609nam a22002297a 4500
003 UA-OsUOA
001 51959
007 ta
008 20080128b un ||||| |||| 00| 0 ukr d
100 _aРоманенко В.
090 _a82.09
_bР69
942 _cBK
040 _aUA-OsUOA
_brus
_cUA-OsUOA
_dUA-OsUOA
245 _aПризвание таланта
300 _a268 с.
955 _a1
041 _arus
080 _a82.09
260 _aК.
_bрадянський письменник
_c1977
650 7 _a82 Література. Літературознавство
_2UDC
999 _c338050
_d338050